[Event "HUN-chT2 Toth 1112"]
[Site "Hungary"]
[Date "2011.09.25"]
[Round "1.7"]
[White "Berta, Sandor Martin"]
[Black "Babinszki, Janos"]
[Result "1-0"]
[WhiteElo "1850"]
[BlackElo "1851"]
[PlyCount "47"]
[EventDate "2011.09.25"]
[EventType "team-tourn"]
[EventRounds "11"]
[EventCountry "HUN"]
[SourceTitle "EXT 2013"]
[Source "ChessBase"]
[SourceDate "2012.11.22"]
[SourceVersion "1"]
[SourceVersionDate "2012.11.22"]
[SourceQuality "1"]
[WhiteTeam "Toth Laszlo"]
[BlackTeam "Mezobereny"]
[WhiteTeamCountry "HUN"]
[BlackTeamCountry "HUN"]

1. e4 d6 2. d4 Nf6 3. Nc3 g6 4. Bg5 Bg7 5. e5 dxe5 6. dxe5 Qxd1+ 7. Rxd1 Ng4 8. h3 Nxe5 9. Nd5 0-0 10. Nxc7 f6 11. Be3 Nbc6 12. Nxa8 Bf5 13. Nc7 Bxc2 14. Ne6 Rc8 15. Rd2 Bb1 16. a3 Ba2 17. Nc5 b6 18. Ba6 Rc7 19. b3 bxc5 20. Rxa2 Na5 21. Nf3 c4 22. bxc4 Nexc4 23. Rc2 Rc6 24. Bxc4+ 1-0

[Event "HUN-chT2 Toth 1011"]
[Site "Hungary"]
[Date "2010.10.10"]
[Round "3.6"]
[White "Babinszki, Janos"]
[Black "Lengyel, Istvan1111"]
[Result "0-1"]
[WhiteElo "1844"]
[BlackElo "2026"]
[PlyCount "83"]
[EventDate "2010.09.12"]
[EventType "team-tourn"]
[EventRounds "11"]
[EventCountry "HUN"]
[SourceTitle "EXT 2012"]
[Source "ChessBase"]
[SourceDate "2011.11.24"]
[SourceVersion "1"]
[SourceVersionDate "2011.11.24"]
[SourceQuality "1"]
[WhiteTeam "Mezobereny"]
[BlackTeam "Szolnok"]
[WhiteTeamCountry "HUN"]
[BlackTeamCountry "HUN"]

1. d4 Nf6 2. c4 c5 3. d5 e6 4. Nc3 exd5 5. Nxd5 Nxd5 6. Qxd5 Na6 7. a3 Nc7 8. Qe5+ Ne6 9. Nf3 d6 10. Qc3 Be7 11. e3 Bf6 12. Qc2 0-0 13. Bd3 h6 14. 0-0 Bd7 15. Rb1 Bc6 16. Be4 Re8 17. b4 Kh8 18. b5 Nd4 19. exd4 Bxe4 20. Qb3 Bxb1 21. Qxb1 Qa5 22. dxc5 dxc5 23. Qf5 Re6 24. Qxc5 Rc6 25. Qh5 Rd6 26. Qxf7 Rad8 27. c5 Rd1 28. Qb3 Qc3 29. Qxc3 Bxc3 30. Be3 Kg8 31. c6 bxc6 32. bxc6 Rxf1+ 33. Kxf1 Rc8 34. Nd4 a6 35. Nf5 Bf6 36. Bd4 Rxc6 37. Bxf6 Rxf6 38. Ne3 Rb6 39. g3 Rb3 40. Ke1 Rxa3 41. Kd1 Rxe3 42. fxe3 0-1

[Event "HUN-chT2 Toth 0910"]
[Site "Hungary"]
[Date "2010.04.18"]
[Round "10.8"]
[White "Koplandi, Peter"]
[Black "Babinszki, Janos"]
[Result "0-1"]
[WhiteElo "1442"]
[BlackElo "1891"]
[PlyCount "86"]
[EventDate "2009.11.08"]
[EventType "team-tourn"]
[EventRounds "11"]
[EventCountry "HUN"]
[SourceTitle "EXT 2011"]
[Source "ChessBase"]
[SourceDate "2010.11.26"]
[SourceVersion "1"]
[SourceVersionDate "2010.11.26"]
[SourceQuality "1"]
[WhiteTeam "Szentes Spartacus"]
[BlackTeam "Mezobereny"]
[WhiteTeamCountry "HUN"]
[BlackTeamCountry "HUN"]

1. c4 Nf6 2. Nc3 g6 3. d4 Bg7 4. e3 0-0 5. Nf3 d6 6. Be2 Nc6 7. 0-0 e5 8. dxe5 Nxe5 9. Nxe5 dxe5 10. b3 Bf5 11. Bb2 Qe7 12. Qc1 Rfd8 13. Rd1 h5 14. f3 Rxd1+ 15. Bxd1 e4 16. f4 Rd8 17. Bc2 c6 18. Qe1 Qc5 19. Na4 Qe7 20. Rd1 Rd6 21. Be5 Rxd1 22. Qxd1 Ng4 23. Bxg7 Kxg7 24. Qd4+ Qf6 25. Qxf6+ Kxf6 26. Nc5 Nxe3 27. Bxe4 b6 28. Bxf5 Kxf5 29. Nd3 f6 30. g3 Nc2 31. Kf2 Ke4 32. Nc1 Nb4 33. Ke2 f5 34. a3 Nc2 35. a4 Nd4+ 36. Kf2 c5 37. Ke1 Nf3+ 38. Ke2 Nxh2 39. Nd3 Ng4 40. Kd2 Kf3 41. Ne5+ Kxg3 42. Nxg6 h4 43. Ke2 h3 0-1

[Event "HUN-chT2 Toth 0708"]
[Site "Hungary"]
[Date "2008.02.17"]
[Round "6"]
[White "Babinszki, Janos"]
[Black "Egyed, Gabor"]
[Result "1-0"]
[WhiteElo "1740"]
[BlackElo "1869"]
[PlyCount "55"]
[EventDate "2007.10.14"]
[EventType "team"]
[EventRounds "11"]
[EventCountry "HUN"]
[SourceTitle "EXT 2009"]
[Source "ChessBase"]
[SourceDate "2008.11.26"]
[SourceVersion "1"]
[SourceVersionDate "2008.11.26"]
[SourceQuality "1"]
[WhiteTeam "Mezobereny"]
[BlackTeam "Karcag"]
[WhiteTeamCountry "HUN"]
[BlackTeamCountry "HUN"]

1. d4 Nf6 2. c4 g6 3. Nc3 Bg7 4. e4 d6 5. Be3 0-0 6. Bd3 Nbd7 7. f3 c5 8. d5 Ne5 9. Nge2 Qb6 10. Rb1 Nh5 11. 0-0 f5 12. b4 fxe4 13. bxc5 Qa5 14. Nxe4 Bf5 15. cxd6 exd6 16. Qb3 Rac8 17. N2g3 Nxg3 18. hxg3 Nxd3 19. Qxd3 Qxa2 20. g4 Bxe4 21. Qxe4 Rfe8 22. Qd3 Rxc4 23. Rxb7 Rc2 24. Bf2 Ree2 25. Qb5 Rxf2 26. Qe8+ Bf8 27. Qf7+ Kh8 28. Qxh7# 1-0